| 000 | 005670000a22001810004500 | ||
|---|---|---|---|
| 003 | MACL | ||
| 005 | 20160603161053.0 | ||
| 008 | 160603b xxu||||| |||| 00| 0 eng d | ||
| 040 |
_aMACL _cMACL |
||
| 041 | _aHindi | ||
| 082 | _a920 RAM | ||
| 100 |
_aराम, सुरेश _933657 |
||
| 245 |
_aश्रीनिवास रामानुजन _cसुरेश राम |
||
| 260 |
_bनेशनल बुक ट्रस्ट _c1973 _aनई दिल्ली |
||
| 350 | _a2.50 | ||
| 650 |
_aBiography _962195 |
||
| 942 |
_cHIN _k920/RAM _2ddc |
||
| 999 |
_c22702 _d22702 |
||